000 00665nam a2200229 a 4500
001 000022163
005 20200930011617.0
008 100917s1994 sp 000 f spa d
020 _a8420646296
040 _aDO-SdBNP
_bspa
_cBNPHU
082 _a863.6
_bV181son
100 1 _aValle-Inclán, Ramón del,
_d1866-1936
_93325
245 1 0 _aSonata de primavera /
_cRamón del Valle-Inclán.
260 _aMadrid :
_bAlianza,
_c1994.
300 _a93, [2] p. ;
_c15 cm.
490 1 _aAlianza cien
_v29
650 4 _aNovela española
_91123
650 4 _aLiteratura española
_ySIGLO XX
_93326
830 0 _aAlianza cien ;
_v29
_912832
910 _aWM
049 _aBNGR
999 _c21661
_d21661